000 00602nam a22001817a 4500
005 20120201145114.0
008 120201t xxu||||| |||| 00| 0 eng d
020 _c00.00
035 _aB-84031
040 _aDPL
_bENG
100 _aMohan, P.
_940538
245 _aBusiness data processing /
_cby P. Mohan
250 _a1st ed.
260 _aMumbai
_bHimalaya Publishing House
_c2003
300 _aix, 227p.
_c18 cms.
942 _2ddc
_cEN
_h004
_mMOH
999 _c61761
_d61761